000 00459nam a2200181Ia 4500
001 21050
003 IN-NITTTR
005 20251114233240.0
008 251113s9999||||xx |||||||||||||| ||eng||
040 _beng
040 _cIN-NITTTR
041 _aeng
082 _a621.3126 B47E
100 _aBhoumick, N. P.
245 0 _aEHV substation and equipment /
_cBhoumick, N. P., Bhattacharyya, Bhaskar
700 _a Bhattacharyya, Bhaskar
942 _2ddc
_cBK
999 _c23680
_d23680